සංතාප /

Santhapa
Saved in:
Bibliographic Details
Main Author: මුණසිංහ, සුභාෂ්
Format: Book
Published: මීරිගම : ආශිර්වාද ප්‍රකාශකයෝ, 2025.
Subjects:
Tags: Add Tag
No Tags, Be the first to tag this record!

MARC

LEADER 00000nam a2200000 4500
003 LK-CoNLD
005 20260309091625.0
008 260129b |||||||| |||| 00| 0 ||| d
015 |2 slnb  |a slnb202512 
017 |b LK-CoDNA  |a 504987 
020 |a 9786246585518 
040 |a LK-CoNLD  |b SIN  |c LK-CoNLD  |d LK-CoNLD 
082 |2 23  |q LK-CoNLD  |a 891.483 
100 |a මුණසිංහ, සුභාෂ්  |9 92400 
245 |6 880-1  |a සංතාප /  |c සුභාෂ් මුණසිංහ. 
260 |a මීරිගම :  |b ආශිර්වාද ප්‍රකාශකයෝ,  |c 2025. 
300 |a පි. 176 ;  |c සෙමී. 21.  |b මැබැ-බෝක : රු. 950.00 
650 0 |a සිංහල ප්‍රබන්ධ  |9 814 
650 0 |a Sinhalese fiction  |9 815 
880 |6 245-1  |a Santhapa 
942 |c BOOK 
945 |a 14  |b Mahinda MIHINDUKULASOORIYA  |c 21056  |d Kalpana KUMARATHUNGA 
999 |c 297165  |d 297165